La vida en el Sahara /
Guardado en:
| Autor Corporativo: | |
|---|---|
| Formato: | |
| Materias: | |
| Etiquetas: |
Agregar Etiqueta
Sin Etiquetas, Sea el primero en etiquetar este registro!
|
| LEADER | 00968ngm a22002655g 4500 | ||
|---|---|---|---|
| 001 | CEM.cems021611 | ||
| 008 | 130507b199?##################0###0#####d | ||
| 005 | 20240830150210.0 | ||
| 245 | 1 | 0 | |a La vida en el Sahara / |c Videopedia Britannica. |
| 300 | |a 15 | ||
| 500 | |a En soporte VHS, consultar en ventanilla. | ||
| 505 | 0 | |a Condiciones de habitabilidad del Sahara. Extensión. Condiciones de transitabilidad. Forma de vida. Forma de vida. Comercio. Riqueza. Pozos artesianos. Importancia de ríos y arroyos. | |
| 538 | |a Soporte: VHS - Norma: Pal N - Color - Compra CEMS - Hitachi=1819 | ||
| 110 | 2 | |a Videopedia Britannica. | |
| 082 | 9 | 1 | |/ VID |
| 653 | |a SOCIOLOGIA | ||
| 653 | |a AFRICA | ||
| 653 | |a GEOGRAFIA HUMANA | ||
| 653 | |a SAHARA | ||
| 653 | |a DESIERTOS | ||
| 653 | |a GEOGRAFIA | ||
| 653 | |a AFRICA-GEOGRAFIA HUMANA | ||
| 653 | |a POZOS ARTESIANOS | ||
| 653 | |a NIVEL SECUNDARIO | ||
| 859 | |a CEMS |b BIB. CEMS - Depto. Recursos Didacticos |h 916 |i VID |k DRD |p 254.12 |t Ej.1 | ||
